Statistics for French Football Team During 2018 World Cup

Click here to take the quiz!

General Stats

  • This quiz has been taken 87 times
  • The average score is 17 of 24

Answer Stats

HintAnswer% Correct
10KYLIAN MBAPPE
96%
1HUGO LLORIS
95%
6PAUL POGBA
94%
13NGOLO KANTE
92%
7ANTOINE GRIEZMANN
91%
9OLIVIER GIROUD
90%
4RAPHAEL VARANE
88%
5SAMUEL UMTITI
86%
21LUCAS HERNANDEZ
81%
16STEVE MANDANDA
77%
14BLAISE MATUIDI
73%
22BENJAMIN MENDY
70%
23ALPHONSE AREOLA
69%
2BENJAMIN PAVARD
68%
17ADIL RAMI
66%
3PRESNEL KIMPEMBE
61%
15STEVEN NZONZI
56%
18NABIL FEKIR
55%
19DJIBRIL SIDIBE
53%
20FLORIAN THAUVIN
53%
11OUSMANE DEMBELE
53%
8THOMAS LEMAR
49%
12CORENTIN TOLISSO
45%
24DIDIER DESCHAMPS
26%

Score Distribution

Percentile by Number Answered

Percent of People with Each Score

Your Score History

You have not taken this quiz